| 000 | 00354nam a22001337a 4500 | ||
|---|---|---|---|
| 020 | _a9781486302529 | ||
| 040 | _cNUST | ||
| 082 |
_a616.98 _bCLI |
||
| 100 |
_aRae Walker and Wendy mason _990781 |
||
| 245 | _aClimate change adaptation for health and social services | ||
| 260 |
_aAustralia _bCSIRO _c2015 |
||
| 300 | _a263 | ||
| 942 |
_2ddc _cBK _k616.98 WAL |
||
| 999 |
_c589018 _d589018 |
||